000 00253nam a2200097Ia 4500
008 240331s9999 xx 000 0 und d
082 _bPER
100 _aPerera, L.P.N
245 0 _aSexuality in ancient India :
_bastudy based on the Vinayapitaka
942 _cL
999 _c2171
_d2171